We are equals : (Record no. 4564)
[ view plain ]
| 000 -LEADER | |
|---|---|
| fixed length control field | 00900nam a22002297a 4500 |
| 003 - CONTROL NUMBER IDENTIFIER | |
| control field | LK-CoMWRAF |
| 005 - DATE AND TIME OF LATEST TRANSACTION | |
| control field | 20240611102910.0 |
| 008 - FIXED-LENGTH DATA ELEMENTS--GENERAL INFORMATION | |
| fixed length control field | 231225b1991 |||||||| |||| 00| 0 eng d |
| 040 ## - CATALOGING SOURCE | |
| Original cataloging agency | LK-CoMWRAF |
| Modifying agency | LK-CoMWRAF |
| Description conventions | LK-CoMWRAF |
| 041 ## - LANGUAGE CODE | |
| Language code of text/sound track or separate title | English |
| 082 ## - DEWEY DECIMAL CLASSIFICATION NUMBER | |
| Classification number | 379.24 |
| Item number | UNI |
| 942 ## - ADDED ENTRY ELEMENTS (KOHA) | |
| Koha item type | Books |
| 111 ## - MAIN ENTRY--MEETING NAME | |
| Meeting name or jurisdiction name as entry element | UNESCO writing workshop to develop reading materials for women with limited reading skills |
| Location of meeting | (Chiangrai, Thailand |
| Date of meeting | 1-10 October 1990) |
| 700 ## - ADDED ENTRY--PERSONAL NAME | |
| Personal name | Supekar, Kunda |
| 700 ## - ADDED ENTRY--PERSONAL NAME | |
| Personal name | Homwan, Pitak |
| Relator Term | illustrator |
| 245 ## - TITLE STATEMENT | |
| Title | We are equals : |
| Remainder of title | a booklet developed t the UNESCO writing workshop for women with limited reading skills |
| 260 ## - PUBLICATION, DISTRIBUTION, ETC. (IMPRINT) | |
| Place of publication, distribution, etc. | Bangkok: |
| Name of publisher, distributor, etc. | Unesco principal regional office for Asia and the Pacific, |
| Date of publication, distribution, etc. | 1991 |
| 300 ## - PHYSICAL DESCRIPTION | |
| Extent | 19 p.: ill. ; 23 cm. |
| 490 ## - SERIES STATEMENT | |
| Series statement | Asia - Pacific Programme of Education for All |
| 650 ## - SUBJECT ADDED ENTRY--TOPICAL TERM | |
| Topical term or geographic name as entry element | Post-Literacy programmes -India |
| 650 ## - SUBJECT ADDED ENTRY--TOPICAL TERM | |
| Topical term or geographic name as entry element | Women in development- India |
| Withdrawn status | Lost status | Damaged status | Not for loan | Permanent Location | Current Location | Date acquired | Full call number | Barcode | Koha item type |
|---|---|---|---|---|---|---|---|---|---|
| Resource center, Muslim Women's Research And Action Forum | Resource center, Muslim Women's Research And Action Forum | 2023-12-25 | 379.24 UNI | RAF4624 | Books |

